Piosenki Sariusa - nagła śmierć - Statystyki

Ogólne statystyki
  • Ten quiz został rozwiązany 17 razy
  • Średni wynik to 4 z 8
Answers on the Grid
Answers color-coded by a green-red scale on the quiz's grid according to % correct below.
Wiking
Bez strachu
Język ciała
Nie będę inny
Zrobiłeś to chłopak
Powiedział mi ktoś
Zawsze chciałem
Dobry chłopak
Kontrola jakości
Dziecko wojny
Poza kontrolą
Nigdy ponad stan
NajsHajs
Nie widać po mnie
Restart
Mój Kościół
 
Statystyki odpowiedzi
Odpowiedź % Poprawnych
Wiking
85%
Powiedział mi ktoś
69%
Dziecko wojny
62%
Dobry chłopak
54%
NajsHajs
54%
Nie widać po mnie
54%
Nie będę inny
46%
Restart
23%
Nie znaleziono quizów pasujących do podanych kryteriów
Rozkład punktacji
Procent ludzi z każdym wynikiem
Percentyl według liczby udzielonych odpowiedzi
Twoja historia wyników
Nie rozwiązałeś tego quizu